Pervez / (Record no. 234503)

000 -LEADER
fixed length control field nam a22 7a 4500
003 - CONTROL NUMBER IDENTIFIER
control field Nust
005 - DATE AND TIME OF LATEST TRANSACTION
control field 20170321162410.0
008 - FIXED-LENGTH DATA ELEMENTS--GENERAL INFORMATION
fixed length control field 170321b xxu||||| |||| 00| 0 eng d
020 ## - INTERNATIONAL STANDARD BOOK NUMBER
International Standard Book Number 9788172234423
040 ## - CATALOGING SOURCE
Transcribing agency Nust
082 ## - DEWEY DECIMAL CLASSIFICATION NUMBER
Classification number 823
Author Mark PES
100 ## - MAIN ENTRY--PERSONAL NAME
Personal name Pestonji, Meher
245 ## - TITLE STATEMENT
Title Pervez /
Statement of responsibility, etc. Meher Pestonji;
260 ## - PUBLICATION, DISTRIBUTION, ETC.
Place of publication, distribution, etc. New Dehli,
Name of publisher, distributor, etc. Herpercollins Publisher.
Date of publication, distribution, etc. 2003
300 ## - PHYSICAL DESCRIPTION
Extent 318 p.
650 ## - SUBJECT ADDED ENTRY--TOPICAL TERM
Topical term or geographic name entry element Women political activists
Form subdivision Fiction
942 ## - ADDED ENTRY ELEMENTS (KOHA)
Source of classification or shelving scheme
Koha item type Book
Holdings
Withdrawn status Lost status Source of classification or shelving scheme Damaged status Not for loan Permanent Location Current Location Shelving location Date acquired Total Checkouts Full call number Barcode Date last seen Date last checked out Copy number Price effective from Koha item type
          Central Library (CL) Central Library (CL) Fiction 03/21/2017 1 823.914 PES CL1620 01/19/2022 12/11/2019 1 03/21/2017 Book
© 2023 Central Library, National University of Sciences and Technology. All Rights Reserved.